| 000 | 00851nam a2200289 i 4500 | ||
|---|---|---|---|
| 001 | 000006881 | ||
| 003 | DO-SdBNP | ||
| 005 | 20231020140819.0 | ||
| 007 | ta | ||
| 008 | 090903s19? dr 000 0 spa d | ||
| 040 |
_aDO-SdBNP _bspa _cBNPHU _erda |
||
| 082 |
_bR136 _222 |
||
| 100 | _919087 | ||
| 245 | 1 | 0 |
_aRafael : _blibro de lectura para el sexto año de educación primaria de acuerdo al programa oficial |
| 264 |
_aSanto Domingo : _bLibreria Mella, _c[sin fecha]. |
||
| 300 |
_a179 paginas. ; _c22 cm. |
||
| 336 |
_2rdacontent _atexto _btxt |
||
| 337 |
_2rdamedia _asin mediacion _bn |
||
| 338 |
_2rdacarrier _avolumen _bnc |
||
| 590 | _aInventariado, 2023/DG | ||
| 650 | 4 |
_aDerecho comercial _xLegislación _zRepública Dominicana _910077 |
|
| 650 | _916505 | ||
| 650 | _919088 | ||
| 650 | _919089 | ||
| 910 | _aDG | ||
| 942 |
_2ddc _cLBS1 |
||
| 999 |
_c55222 _d55222 |
||